22/23 Tottenham - Statistics

General Stats
  • This quiz has been taken 34 times
    23 since last reset
  • The average score is 20 of 38
Answer Stats
Hint Answer % Correct
10 Harry Kane
100%
7 Heung-min Son
100%
1 Hugo Lloris
100%
17 Cristian Romero
95%
9 Richarlison
79%
Manager Antonio Conte
74%
21 Dejan Kulusevski
74%
23 Pedro Porro
74%
30 Rodrigo Bentancur
74%
6 Davinson Sánchez
68%
5 Pierre-Emile Højbjerg
68%
33 Ben Davies
63%
15 Eric Dier
63%
40 Brandon Austin
58%
Manager Ryan Mason
58%
12 Emerson Royal
53%
42 Harvey White
53%
20 Fraser Forster
47%
4 Oliver Skipp
47%
3 Sergio Reguilón
47%
11 Bryan Gil
42%
24 Djed Spence
42%
18 Giovani Lo Celso
42%
8 Harry Winks
42%
14 Ivan Perišić
42%
27 Lucas Moura
42%
2 Matt Doherty
42%
29 Pape Matar Sarr
42%
38 Yves Bissouma
42%
41 Alfie Whiteman
37%
Manager Cristian Stellini
32%
25 Japhet Tanganga
32%
19 Ryan Sessegnon
32%
45 Alfie Devine
21%
34 Clément Lenglet
21%
28 Tanguy Ndombele
21%
22 Joe Rodon
16%
16 Arnaut Danjuma
11%
No matching quizzes found
Score Distribution
Percent of People with Each Score
Percentile by Number Answered
Your Score History
You have not taken this quiz since the last reset